000 00569nam a2200229Ia 4500
003 OSt
005 20221005122805.0
006 a|||||r|||| 00| 0
007 ta
008 221004b |||||||| |||| 00| 0 kan d
024 _a62017
037 _cTextual
040 _aCRL
_cCRL
_bkan
041 _2kan
_akan
082 _aV213:72, 33J6
100 _aPanchamukhi Au.
_9632609
245 0 _aKarnatakada shashanagalu
260 _c1956
650 _aHISTORY
942 _hV213:72, 33J6
_cTEXL
_2cc
999 _c1045376
_d1045376